00479nam a2200181Ia 450000500170000000800410001702000140005804000190007204100120009108200130010324500730011626000320018930000170022150400190023865000100025770000200026785000100028720240624101249.0131103s9999 xx 000 0 und d a706401573 aLoreto College aEnglish a745bBLA 4aThe complete book of handicraftscedited by Jill Blake & Joan Fisher aLondonbOctopus Booksc1973 a304p.b pic. aIncludes index aCraft aBlake, Jill;ed. aLCBED